000 00976nam a2200265 i 4500
005 20180803165041.0
008 140307s2002 ck ab fr|||| 000 0 spa d
040 _aCO-BoIAVH
_cCO-BoIAVH
041 0 _aspa
044 _ack
082 0 4 _a333.7515
_bC71g
110 2 _aColombia
_b Ministerio del Medio Ambiente
245 1 0 _aGuías técnicas para la ordenación y el manejo sostenible de los bosques naturales
260 _aBogotá :
_bMinambiente:
_bAcofore:
_bOIMT,
_c2002
300 _a142 páginas :
_bIlustraciones, mapas ;
_c28 x 22 cm.
500 _aIncluye glosario páginas 139-142.
650 1 4 _aBosques tropicales
650 1 4 _aBosques
650 2 4 _aRecursos forestales
650 2 4 _aAdministración de bosques tropicales
650 2 4 _aDesarrollo sotenible
710 2 _aAsociación Colombiana de Reforestación
710 2 _aOrganización Internacional de Maderas Tropicales
942 _cLIBRO
_2ddc
999 _c2939
_d2939